Statistics for All 50k+ Cities in Switzerland with a Map

Click here to take the quiz!

General Stats

  • This quiz has been taken 2,084 times
  • The average score is 8 of 10

Answers on the Map

Answers color-coded by a green-red scale on the quiz's map according to % correct below.
 

Answer Stats

PopulationCity% Correct
420,097Zurich
99%
134,542Bern
98%
203,909Geneva
97%
173,183Basel
93%
139,344Lausanne
86%
82,240Lucerne
76%
62,611Lugano
70%
76,078St. Gallen
68%
113,149Winterthur
57%
55,540Biel/Bienne
48%

Score Distribution

Percentile by Number Answered

Percent of People with Each Score

Your Score History

You have not taken this quiz